02850nam a2200241 a 450000100080000000500110000800800410001910000180006024501330007826000250021130000090023650000290024552021700027465300130244465300290245765300170248665300090250365300200251265300170253265300190254965300190256865300210258710112082008-07-15 1976 bl uuuu m 00u1 u #d1 aCAMILO, A. P. aEfeito do ana, 2,4,5-TP e alar na queda pre-colheita e em algumas caracteristicas do fruto, em macieira (Malus domestica, Bork). aPelotas: UFPelc1976 a85p. aDissertacao de mestrado. aNo periodo vegetativo de 1974/75 foram conduzidos experimentos, nos municipios de Videira e Fraiburgo, em Santa Catarina, objetivando avaliar o comportamento de alguns reguladores de crescimento no controle da queda pre-colheita de macas, naquelas condicoes, bem como, para avaliar os efeitos desses compostos sobre algumas das caracteristicas do fruto nas cultivares Starkrimson e Golden Delicius. Nestes experimentos foram utilizados os seguintes produtos e respectivamente concentracoes: Acido Naftaleno Acetico (ANA) - 20 ppm, Acido 2,4,5 - Triclorofenoxipropionico (2,4,5-TP) - 20 ppm, Acido Succinico 2,2, - Dimetil Hidrazida (Alar) - 750 ppm. O ANA e o 2,4,5 - TP foram repetidos tres e duas vezes, respectivamente, com intervalos de, aproximadamente, duas semanas, no periodo de pre-colheita. O Alar foi aplicado em fins de novembro em uma unica aplicacao, correspondendo a 46,53 e 39 dias apos a plena floracao da Starkrimson em Videira e Starkrimson e Golden Delicious, em Fraiburgo, respectivamente. A queda pre-colheita de macas variou em intensidade de acordo com a cultivar e o local considerados. Assim, a cultivar Golden Delicious nao apresentou problema serio de queda na pre-colheita, enquanto que para a Starkrimson, a intensidade desta foi muito mais severa em Videira do que em Fraiburgo. Os diferntes tratamentos nao diferiram, siginificativamente, entre si, quanto ao controle da queda pre-colheita de frutos, na cultivar Golden Delicious. O ANA e o 2,4,5 - TP foram de eficiencia semelhante, minimizando o problema da queda de frutos na cultivar Starkrimson, em ambos os locais. O periodo maximo de efetividade do ANA foi de apenas 14 dias, em Videira, enquanto que para o 2,4,5 - TP, este foi de 31 dias, no minimo. Em Fraiburgo foi de um minimo de 24 a 38 dias para o ANA e o 2, 4, 5 - TP, respectivamente. O Alar, nas condicoes em que foi aplicado, nao controlou a queda pre-colheita de macas, porem elevou a firmeza da polpa dos frutos e tendeu a diminuir o peso do fruto na cultivar Starkrimson. Os tratamentos com Alar, 2,4,5 - TP e ANA, nas concentracoes e frequencias utilizadas, nao afetaram o conteudo de solidos soluveis do fruto. aCONTROLE aFRUTA DE CLIMA TEMPERADO aFRUTICULTURA aMACA aMALUS DOMESTICA aPRE-COLHEITA aQUEDA DE FRUTO aQUEDA DO FRUTO aQUEDA DOS FRUTOS